000
00211 a2200097 4500
001
48271
100
_a
Misbah-ul-Haq
245
_a
The Iranians
260
_a
London
_b
Davad and Charles
_c
090
_c
31225
_d
31225
942
_a
NUST-CAE
_c
M
_c
23587
999
_c
283344
_d
283344